<?xml version="1.0" encoding="UTF-8"?>
<marc:record xmlns:marc="http://www.loc.gov/MARC21/slim">
   <marc:leader>00000nam a2200000 a 4500</marc:leader>
   <marc:datafield ind1="1" ind2=" " tag="100">
      <marc:subfield code="a">Nayeri, Dina</marc:subfield>
      <marc:subfield code="4">aut</marc:subfield>
      <marc:subfield code="e">Verfasser/-in</marc:subfield>
   </marc:datafield>
   <marc:datafield ind1="0" ind2="0" tag="245">
      <marc:subfield code="a">Ein Teelöffel Land und Meer</marc:subfield>
   </marc:datafield>
   <marc:datafield ind1="0" ind2="0" tag="245">
      <marc:subfield code="b">Roman</marc:subfield>
   </marc:datafield>
   <marc:datafield ind1=" " ind2="1" tag="264">
      <marc:subfield code="b">Mare Verl.</marc:subfield>
      <marc:subfield code="c">2013</marc:subfield>
   </marc:datafield>
   <marc:datafield ind1="1" ind2=" " tag="520">
      <marc:subfield code="a">Saba und Mahtab sind Zwillinge und bis zu ihrem elften Sommer unzertrennlich. Als Mahtab und ihre Mutter innerhalb kurzer Zeit  auf mysteriöse Weise aus Sabas Leben verschwinden, bleibt sie als halber Mensch zurück. Die Nachbarn im Dorf raunen über einen Badeunfall im Kasp. Meer und eine missglückte Flucht aus dem Iran. Doch Saba glaubt an ihren Zwillingssinn und eine ganz andere Geschichte...</marc:subfield>
   </marc:datafield>
   <marc:datafield ind1=" " ind2=" " tag="020">
      <marc:subfield code="a">9783866480131</marc:subfield>
      <marc:subfield code="9">9783866480131</marc:subfield>
   </marc:datafield>
</marc:record>
